<?xml version="1.0" encoding="UTF-8"?>
<marc:record xmlns:marc="http://www.loc.gov/MARC21/slim">
   <marc:leader>00000nam a2200000 a 4500</marc:leader>
   <marc:datafield ind1="1" ind2=" " tag="100">
      <marc:subfield code="a">Ishiguro, Kazuo</marc:subfield>
      <marc:subfield code="4">aut</marc:subfield>
      <marc:subfield code="e">Verfasser/-in</marc:subfield>
   </marc:datafield>
   <marc:datafield ind1="0" ind2="0" tag="245">
      <marc:subfield code="a">Was vom Tage übrig blieb</marc:subfield>
   </marc:datafield>
   <marc:datafield ind1="0" ind2="0" tag="245">
      <marc:subfield code="c">Ishiguro, Kazuo</marc:subfield>
   </marc:datafield>
   <marc:datafield ind1=" " ind2="1" tag="264">
      <marc:subfield code="a">München</marc:subfield>
      <marc:subfield code="b">Heyne Verlag</marc:subfield>
      <marc:subfield code="c">2016</marc:subfield>
   </marc:datafield>
   <marc:datafield ind1="1" ind2=" " tag="520">
      <marc:subfield code="a">Stevens dient als Butler in Darlington Hall. Er sorgt für einen tadellosen Haushalt und ist die Verschwiegenheit in Person: Niemals würde er auch nur ein Wort über die merkwürdigen Vorgänge im Herrenhaus verlieren. Er stellt sein Leben voll und ganz in den Dienst seines Herrn. Auch die vorsichtigen Annäherungsversuche von Miss Kenton, der Haushälterin, weist er brüsk zurück. Viele Jahre lang lebt er ergeben in seiner Welt, bis ihn eines Tages die Vergangenheit einholt. Das kritische Portrait einer von Klasse und Hierarchien geprägten Gesellschaft und eine bittersüße Liebesgeschichte, erzählt von einem, der seinen Stand nie hinterfragt und der nie auch nur geahnt hat, dass er liebte. [Verlagsmeldung]</marc:subfield>
   </marc:datafield>
   <marc:datafield ind1=" " ind2=" " tag="020">
      <marc:subfield code="a">9783453421608</marc:subfield>
      <marc:subfield code="9">9783453421608</marc:subfield>
   </marc:datafield>
   <marc:datafield ind1=" " ind2=" " tag="020">
      <marc:subfield code="a">3453421604</marc:subfield>
      <marc:subfield code="9">3453421604</marc:subfield>
   </marc:datafield>
   <marc:datafield ind1=" " ind2=" " tag="041">
      <marc:subfield code="a">ger</marc:subfield>
   </marc:datafield>
   <marc:datafield ind1=" " ind2=" " tag="338">
      <marc:subfield code="a">Band</marc:subfield>
   </marc:datafield>
   <marc:datafield ind1=" " ind2=" " tag="300">
      <marc:subfield code="a">288 S.</marc:subfield>
   </marc:datafield>
</marc:record>
